| 000 | 00715nam a22001697a 4500 | ||
|---|---|---|---|
| 008 | 110725s1977 ua|||||r|||| 00| 0 ara d | ||
| 020 | _a9777055153 | ||
| 082 |
_222 _a327.95 _b ر ض ا |
||
| 100 |
_926411 _aرضا ، ممدوح |
||
| 245 |
_aالخلاف الصيني-السوفيتي : _bو قضايا آسيا الساخنة / _cممدوح رضا |
||
| 260 |
_aالقاهرة : _bمؤسسة دار التعاون، 1977 _c1977 |
||
| 300 |
_a416 ص ؛ _c22 سم |
||
| 651 |
_926414 _aآسيا _xالعلاقات الخارجية |
||
| 653 | _bPol | ||
| 942 |
_2ddc _cBB |
||
| 999 |
_c15732 _d15732 |
||